| 000 | 00448nam a2200169 a 4500 | ||
|---|---|---|---|
| 005 | 20140310183301.0 | ||
| 008 | 041208s19uu xx 00 eng d | ||
| 020 | _a0446354678 | ||
| 050 |
_aPS 3569.H3927 _b.Sh544 1991 |
||
| 100 | _aSheldon, Sidney | ||
| 245 |
_aMemories of midnight/. _cSidney Sheldon |
||
| 260 |
_aNew York ; _bWarner Books, _c1991. |
||
| 300 |
_a404 p. : _c17 cm. |
||
| 650 | _aFiction. | ||
| 942 |
_cBK _2lcc |
||
| 999 |
_c20986 _d20986 |
||